000 00271nam a2200121Ia 4500
100 _aGrover/P.S
942 _cBK
654 _aProgramming
245 _aProgramming With Structured Cobol
260 _bMac Millian
_aNew Delhi
_c1989
300 _a333
546 _aENGLISH
999 _c19612
_d19612